The noble scholar, jurist, historian


 His Excellency Dr. Abdul Wahhab bin Ibrahim Abu Sulaiman, may Allah have mercy on him.


 He was born in Umm Al-Qura in the year 1356 AH.

مناهج المحدثين / (Record no. 3696)

MARC details
000 -LEADER
fixed length control field 02845cam a2200277 i 4500
003 - CONTROL NUMBER IDENTIFIER
control field SA-RiAUC
005 - DATE AND TIME OF LATEST TRANSACTION
control field 20241220163802.0
008 - FIXED-LENGTH DATA ELEMENTS--GENERAL INFORMATION
fixed length control field 241215s1998 jo g f000 0 ara c
024 0# - OTHER STANDARD IDENTIFIER
Standard number or code 00000000737856
040 ## - CATALOGING SOURCE
Original cataloging agency JO-AmJU
Language of cataloging ara
Transcribing agency SA-RiAUC
Modifying agency AE-DuMBRL
Description conventions rda
050 #4 - LIBRARY OF CONGRESS CALL NUMBER
Item number .S53 1998
082 04 - DEWEY DECIMAL CLASSIFICATION NUMBER
Classification number 233
Assigning agency SA-RiAUC
090 ## - LOCALLY ASSIGNED LC-TYPE CALL NUMBER (OCLC); LOCAL CALL NUMBER (RLIN)
Classification number (OCLC) (R) ; Classification number, CALL (RLIN) (NR) 233
Local cutter number (OCLC) ; Book number/undivided call number, CALL (RLIN) ش م ا
100 1# - MAIN ENTRY--PERSONAL NAME
Personal name الشمالي، ياسر،
Dates associated with a name 1960-
Relator term مؤلف.
245 10 - TITLE STATEMENT
Title مناهج المحدثين /
Statement of responsibility, etc. الدكتور ياسر الشمالي.
264 #1 - PRODUCTION, PUBLICATION, DISTRIBUTION, MANUFACTURE, AND COPYRIGHT NOTICE
Place of production, publication, distribution, manufacture عمان، الأردن :
Name of producer, publisher, distributor, manufacturer الجامعة الأردنية، منشورات عماد البحث العلمي،
Date of production, publication, distribution, manufacture, or copyright notice 1998.
300 ## - PHYSICAL DESCRIPTION
Extent 262 صفحة ؛
Dimensions 24 × 17 سم
336 ## - CONTENT TYPE
Content type term نص
Content type code txt
Source rdacontent
Materials specified كتاب
337 ## - MEDIA TYPE
Media type term بدون وسيط
Media type code n
Source rdamedia
338 ## - CARRIER TYPE
Carrier type term مجلد
Carrier type code nc
Source rdacarrier
520 ## - SUMMARY, ETC.
Summary, etc. يتناول كتاب (مناهج المحدثين) والذي قام بتأليفه د. ياسر الشمالي في حوالي (262) صفحة من القطع المتوسط موضوع (الإمام البخاري ومسلم)، فهو يستعرض مباحث تتعلق بمناهج المحدثين في التصنيف والانتقاء، تتضمن تعريفا موجزا بأنواع التصنيف، ثم بيانا مفصلا لأشهر كتب الحديث وهي الكتب الستة وموطأ مالك، وضعها المؤلف لطلبة كلية الشريعة، وقد حرص فيها أن تكون ملائمة لمستوى الطلبة في هذه المرحلة، وأن تكون نافعة لطلبة العلم عموما. وقد أولى منهج الشيخين : البخاري ومسلم، اهتماما حيث تناول ما يتعلق بالصحيحين بشيء من التفصيل والتبسيط لما لهذين الكتابين من أهمية حيث إنهما أول كتابين في الصحيح المجرد، ولتلقي الأمة لهما بالقبول والعناية، إضافة إلى أنهما قد تعرضا ويتعرضان لكثير من الشبهات بسبب الجهل بحقيقة منهج الشيخين وشرطهما ودقتهما أو سبب العداوة للإسلام والسنة النبوية. ويتضمن الكتاب الموضوعات التالية : الباب الأول : أساليب المحدثين في تدوين الحديث، الباب الثاني : منهج الشيخين، البخاري ومسلم، الباب الثالث : منهج الإمام الترمذي، الباب الرابع : منهج الأئمة، أبي داود والنسائي، وابن ماجه، الباب الخامس : منهج الإمام مالك في الموطأ.
650 #7 - SUBJECT ADDED ENTRY--TOPICAL TERM
Topical term or geographic name entry element علم دراية الحديث
Source of heading or term aucsh
650 #7 - SUBJECT ADDED ENTRY--TOPICAL TERM
Topical term or geographic name entry element الحديث
General subdivision رواية
Source of heading or term aucsh
942 ## - ADDED ENTRY ELEMENTS (KOHA)
Source of classification or shelving scheme Dewey Decimal Classification
Koha item type Books
Suppress in OPAC No
949 ## - LOCAL PROCESSING INFORMATION (OCLC)
a SA-JeALM
d 241215
u mohamedma123
n 1
Holdings
Withdrawn status Lost status Source of classification or shelving scheme Damaged status Not for loan Home library Current library Date acquired Total checkouts Full call number Barcode Date last seen Price effective from Koha item type
    Dewey Decimal Classification     DR AbdElwahab Library DR AbdElwahab Library 12/20/2024   233 ش م ا 000005827 12/20/2024 12/20/2024 Books